| 000 | 00585nam a2200205 i 4500 | ||
|---|---|---|---|
| 001 | 14567 | ||
| 003 | ES-MaACL | ||
| 005 | 20240503110108.0 | ||
| 007 | t| | ||
| 008 | 990426s1985 sp ||||1| spa d | ||
| 020 | _a84-398-4859-5 | ||
| 080 | _a821.134.2-14"19" | ||
| 100 | 1 |
_aGonzález, Ángel, _d1925-2008 _958280 |
|
| 245 | 1 | 4 |
_aUna antología / _cAngel González. |
| 250 | _a2ª ed. ampl. | ||
| 260 |
_aOviedo : _bAutomóviles Luarca, S.A. (A.L.S.A.), _c[1985] |
||
| 300 |
_a278 p. ; _c17 cm. |
||
| 852 |
_aES-MaACL _jL-21766 _bR.116600 |
||
| 999 |
_c14567 _d14567 |
||